00741nam a22002057a 450000500170000001000150001702000260003203500140005803700090007208200060008110000240008724500570011125000060016826000280017427001230020230000190032594200200034499900190036495201520038320250702164140.0 aENG-145537 a9789348125330c120.00 aEN-129069 bDBAD aS aCS Arunkumar982500 aAash's Little Findings About the Life/cCS Arunkumar a1 aKeralabSandDunesc2024 aGB Building, Civil Lane road, ayyanthole thrissurbNew Delhie680003minfo@greenbooksindia.comk91-487-231066k2381039 a80p.c22cm(pb) 2ddccENhSmCSA c212029d212029 001040718NFICaBL1bBL1d2025-07-02eDelivery of Books Act Divisiong120.00l0oS CSApEN-129069r2025-07-02 00:00:00t1v120.00w2025-07-02yEN